书目信息 |
| 题名: |
民族审美心理学
|
|
| 作者: | 梁一儒 , 宫承波 主编 | |
| 分册: | ||
| 出版信息: | 北京 中央民族大学出版社 2003 |
|
| 页数: | 360页 | |
| 开本: | 20cm | |
| 丛书名: | ||
| 单 册: | ||
| 中图分类: | B83-069 | |
| 科图分类: | ||
| 主题词: | 民族--审美心理--研究 | |
| 电子资源: | ||
| ISBN: | 7-81074-578-6 | |
| 000 | 01295nam0 2200325 450 | |
| 000 | 01258nam0 2200313 450 | |
| 000 | 01227nam0 2200313 450 | |
| 000 | 01173nam0 2200289 450 | |
| 000 | 01202nam0 2200277 450 | |
| 000 | 01165nam0 2200265 45 | |
| 001 | TSC-095982 | |
| 005 | 20061209163055.75 | |
| 010 | @a7-81074-578-6@dCNY25.00 | |
| 100 | @a20060829d2003 ekmy0chiy0120 ea | |
| 101 | 0 | @achi |
| 102 | @aCN@b110000 | |
| 105 | @ay z 000yy | |
| 200 | 1 | @a民族审美心理学@AMin Zu Shen Mei Xin Li Xue@f梁一儒,宫承波主编@FLiang Yi Ru, Gong Cheng Bo Zhu Bian |
| 210 | @a北京@c中央民族大学出版社@a呼和浩特@c内蒙古大学出版社@d2003 | |
| 215 | @a360页@d20cm | |
| 300 | @a教育部人文社会科学重点研究基地基金资助 | |
| 330 | @a本书作为美学、心理学和民族学一个跨学科的研究领域,其概念内涵非常丰富,外延相当广阔,涉及到自然、社会和思维多方面的知识。但是,在美学、审美心理学、民族审美心理学这三个塔式结构中,它又高居于塔顶,在国内外均属开辟的一个学科分支。 | |
| 606 | 0 | @a民族@x审美心理@x研究 |
| 690 | @aB83-069@v4 | |
| 701 | 0 | @a梁一儒@ALiang Yi Ru@4主编 |
| 701 | 0 | @a宫承波@AGong Cheng Bo@4主编 |
| 801 | 0 | @aCN@b中图数据@c20061209 |
| 905 | @a10447@dB83-069@e220 | |
| 民族审美心理学/梁一儒,宫承波主编.-北京:中央民族大学出版社;呼和浩特:内蒙古大学出版社,2003 |
| 360页;20cm |
| 教育部人文社会科学重点研究基地基金资助 |
| ISBN 7-81074-578-6:CNY25.00 |
| 本书作为美学、心理学和民族学一个跨学科的研究领域,其概念内涵非常丰富,外延相当广阔,涉及到自然、社会和思维多方面的知识。但是,在美学、审美心理学、民族审美心理学这三个塔式结构中,它又高居于塔顶,在国内外均属开辟的一个学科分支。 |
| ● |
| 相关链接 |
|
|
|
|
正题名:民族审美心理学
索取号:B83-069/220
 
预约/预借
| 序号 | 登录号 | 条形码 | 馆藏地/架位号 | 状态 | 备注 |
| 1 | 0606622 | 206066228 | 第一样本阅览室/ [索取号:B83-069/220] | 在馆 | |
| 2 | 0606623 | 206066237 | 教育系资料室/ [索取号:B83-069/220] | 在馆 | |
| 3 | 0606624 | 206066246 | 第一借阅区/ [索取号:B83-069/220] | 在馆 | |
| 4 | 0606625 | 206066255 | 第一借阅区/ [索取号:B83-069/220] | 在馆 | |
| 5 | 0606626 | 206066264 | 第一借阅区/ [索取号:B83-069/220] | 在馆 | |
| 6 | 0606627 | 206066273 | 教育系资料室/ [索取号:B83-069/220] | 在馆 |